[Event "62nd ch-IND 2025"]
[Site "Guntur IND"]
[Date "2025.09.29"]
[Round "9.33"]
[White "Banik Hrishikesh Kumar"]
[Black "Vignesh, B"]
[Result "1/2-1/2"]
[WhiteElo "2053"]
[BlackElo "2288"]
[WhiteFideId "25762940"]
[BlackFideId "35051555"]
[EventDate "2025.09.21"]

1. e4 d6 2. d4 Nf6 3. Nc3 e5 4. Nf3 exd4 5. Nxd4 g6 6. Bc4 Bg7 7. O-O O-O 8. Re1
Nc6 9. Nxc6 bxc6 10. Be3 Re8 11. f3 Be6 12. Bxe6 fxe6 13. Qd2 Nd7 14. Rad1 Rf8
15. Rf1 Qf6 16. f4 Qe7 17. b3 Rf7 18. Ne2 Raf8 19. Qa5 Nf6 20. h3 Nxe4 21. Qa4
Nf6 22. Qxc6 Nh5 23. Bxa7 Nxf4 24. Nxf4 Rxf4 25. Rxf4 Rxf4 26. Be3 Rf8 27. Qe4
c5 28. a4 Bc3 29. Rd3 Ba5 30. Bh6 Re8 31. Qc6 Rd8 32. Bf4 e5 33. Bc1 Qc7 34. Qe4
Qf7 35. Rf3 Qe6 36. Bg5 d5 37. Qe3 Re8 38. Rf6 Qc8 39. Qd3 Qd7 40. Rxg6+ hxg6
41. Qxg6+ Kf8 42. Bh6+ Ke7 43. Bg5+ Kf8 1/2-1/2

[Event "62nd ch-IND 2025"]
[Site "Guntur IND"]
[Date "2025.09.29"]
[Round "9.34"]
[White "Kshatriya, Nitin Vekhande"]
[Black "Mrittika Mallick"]
[Result "1-0"]
[WhiteTitle "FM"]
[WhiteElo "2285"]
[BlackElo "2024"]
[WhiteFideId "45075530"]
[BlackFideId "25902997"]
[EventDate "2025.09.21"]

1. e4 c6 2. d4 d5 3. exd5 cxd5 4. Bd3 Nc6 5. c3 Qc7 6. Ne2 Bg4 7. O-O e6 8. Qe1
Nf6 9. Bg5 Bh5 10. Nf4 Bg6 11. g3 Bxd3 12. Nxd3 Bd6 13. Nd2 h6 14. Bxf6 gxf6 15.
Rc1 b5 16. a4 a6 17. b3 Na5 18. axb5 axb5 19. Qe3 Kf8 20. Nc5 Kg7 21. Ra1 Nc6
22. b4 Ne7 23. Qd3 Qc6 24. Ndb3 Rhb8 25. Rfe1 Rxa1 26. Rxa1 Nc8 27. Ra6 Rb6 28.
Na5 Qe8 29. Ra8 Rb8 30. Rxb8 Bxb8 31. Qe2 Nd6 32. Nab3 Qc8 33. Nc1 Bc7 34. N1d3
Nc4 35. Qg4+ Kh7 36. Kg2 f5 37. Qe2 Kg7 38. Qa2 Nb6 39. Qa5 Qe8 40. Qa6 Nc4 41.
Qb7 Qb8 42. Qc6 Nd2 43. Qd7 Qb6 44. Qe8 Qb8 45. Qe7 Bd6 46. Nxe6+ Kg8 47. Qf6
fxe6 48. Qg6+ Kf8 49. Qxh6+ Kf7 50. Qxd2 Qa7 51. h4 Qa1 52. h5 Qb1 53. Qe3 Qd1
54. h6 Qg4 55. Nc5 Bxc5 56. bxc5 Ke7 57. Qe5 1-0

[Event "62nd ch-IND 2025"]
[Site "Guntur IND"]
[Date "2025.09.29"]
[Round "9.35"]
[White "Sharnarthi Viresh"]
[Black "Sharma Sai"]
[Result "1-0"]
[WhiteElo "2281"]
[BlackElo "2004"]
[WhiteFideId "25978055"]
[BlackFideId "25179039"]
[EventDate "2025.09.21"]

1. Nf3 d5 2. g3 g6 3. Bg2 Bg7 4. O-O e5 5. d3 Nc6 6. c4 dxc4 7. dxc4 e4 8. Ng5
f5 9. h4 h6 10. Nh3 Be6 11. Nf4 Bf7 12. Qa4 Ne7 13. Rd1 Qc8 14. Nc3 O-O 15. Nfd5
Nxd5 16. Nxd5 Re8 17. Bf4 Ne5 18. c5 c6 19. Ne3 Rd8 20. Rxd8+ Qxd8 21. h5 Qe7
22. Qc2 Rd8 23. hxg6 Bxg6 24. Bh3 Qf7 25. Rd1 Rxd1+ 26. Qxd1 Nc4 27. Qd8+ Kh7
28. Ng2 Qf8 29. Qd7 Qxc5 30. Nh4 Qd5 31. Qe7 Nxb2 32. Nxg6 Kxg6 33. g4 fxg4 34.
Bg2 Qd1+ 35. Kh2 Kh7 36. Bxe4+ Kg8 37. Qe8+ Bf8 38. Qe6+ Kh8 39. Be5+ 1-0

[Event "62nd ch-IND 2025"]
[Site "Guntur IND"]
[Date "2025.09.29"]
[Round "9.36"]
[White "Aditya, Varun Gampa"]
[Black "Vivaan Sardana"]
[Result "1-0"]
[WhiteTitle "FM"]
[WhiteElo "2273"]
[BlackElo "2008"]
[WhiteFideId "45066183"]
[BlackFideId "33397694"]
[EventDate "2025.09.21"]

1. c4 e5 2. d3 Nf6 3. Nf3 Nc6 4. a3 d5 5. cxd5 Nxd5 6. e4 Nde7 7. Be2 Ng6 8. O-O
Bd6 9. Bg5 Be7 10. Be3 O-O 11. b4 f5 12. b5 Nd4 13. Bxd4 exd4 14. Nbd2 Kh8 15.
Re1 fxe4 16. Nxe4 Nf4 17. Nfd2 a6 18. a4 Bb4 19. Rb1 Ba5 20. Bf1 Qd5 21. g3 Nh3+
22. Bxh3 Bxh3 23. f4 h6 24. Qf3 Bd7 25. Rec1 axb5 26. axb5 Rfe8 27. Nc5 Qxf3 28.
Nxf3 Bh3 29. Ne4 Bf5 30. Ne5 Bxe4 31. dxe4 Bc3 32. Rc2 Ra3 33. Kg2 b6 34. h4 Kg8
35. h5 Re6 36. Rd1 Rb3 37. Ra2 Re8 38. Ra7 Rxb5 39. Rxc7 Rc5 40. Rb7 Rb5 41. Kf3
Rb3 42. Kg4 Rb5 43. Nc4 Rb4 44. Nd6 Rd8 45. e5 d3 46. Nf7 Rd5 47. e6 Kf8 48. Nh8
d2 49. Ng6+ Ke8 50. Kf3 Rd6 51. f5 Rd3+ 52. Ke2 Rd6 53. Rf7 Re4+ 54. Kf3 Rexe6
55. fxe6 Rxe6 56. Rf8+ Kd7 57. Kg2 b5 58. Rff1 b4 59. Nf8+ Ke7 60. Nxe6 Kxe6 61.
Kf2 Kf5 62. Kf3 Kg5 63. g4 Kh4 64. Rf2 Kg5 65. Rfxd2 Bxd2 66. Rxd2 b3 67. Rb2 g6
68. hxg6 Kxg6 69. Rxb3 Kg5 70. Rb5+ Kg6 71. Kf4 Kf6 72. Rb6+ Kg7 73. Kf5 Kh7 74.
Rb7+ Kg8 75. Kf6 h5 76. gxh5 Kh8 77. Kg6 Kg8 78. Rb8# 1-0

[Event "62nd ch-IND 2025"]
[Site "Guntur IND"]
[Date "2025.09.29"]
[Round "9.37"]
[White "Karan J P"]
[Black "Kumaresh, A"]
[Result "0-1"]
[BlackTitle "CM"]
[WhiteElo "2035"]
[BlackElo "2256"]
[WhiteFideId "25033603"]
[BlackFideId "45022259"]
[EventDate "2025.09.21"]

1. e4 c5 2. Nf3 d6 3. d4 cxd4 4. Nxd4 Nf6 5. Nc3 a6 6. h3 e5 7. Nf3 Qc7 8. a4
Be6 9. Be2 Nbd7 10. Nh2 Be7 11. Ng4 Qc6 12. Bf3 O-O 13. Ne3 b5 14. Ncd5 Bxd5 15.
exd5 Qc7 16. O-O g6 17. Be2 Qb7 18. a5 Ne4 19. Bd3 Nef6 20. Be2 Rfc8 21. f4 Bf8
22. f5 Rab8 23. Qe1 Bg7 24. g4 e4 25. g5 Nxd5 26. f6 Bf8 27. c3 Ne5 28. h4 Re8
29. Qg3 Nd3 30. Bd2 Nxe3 31. Bxe3 Qd5 32. Bd4 b4 33. Bxd3 exd3 34. Qxd3 bxc3 35.
bxc3 Rb2 36. Rf2 Rxf2 37. Kxf2 Re4 38. Kg3 Qe6 39. Qf3 d5 40. Bf2 Bd6+ 41. Kg2
Rg4+ 42. Kh1 Rf4 43. Qg2 Qe2 44. Rf1 h6 45. gxh6 Kh7 0-1

[Event "62nd ch-IND 2025"]
[Site "Guntur IND"]
[Date "2025.09.29"]
[Round "9.38"]
[White "Ayushh, Ravikumar"]
[Black "Yohan Yadav Tarala"]
[Result "1/2-1/2"]
[WhiteTitle "FM"]
[BlackTitle "CM"]
[WhiteElo "2038"]
[BlackElo "2246"]
[WhiteFideId "35039482"]
[BlackFideId "33385300"]
[EventDate "2025.09.21"]

1. e4 c5 2. Nf3 e6 3. d4 cxd4 4. Nxd4 Nf6 5. Nc3 Nc6 6. Ndb5 Bc5 7. Nd6+ Ke7 8.
Bf4 e5 9. Nf5+ Kf8 10. Bg5 d6 11. Bc4 Be6 12. Bb3 h6 13. Bxf6 Qxf6 14. Ne3 g6
15. Qd2 Kg7 16. O-O-O Qf4 17. Ned5 Qxd2+ 18. Rxd2 Rac8 19. Kb1 a6 20. Na4 b5 21.
Nxc5 dxc5 22. c3 Rhd8 23. Rhd1 c4 24. Bc2 a5 25. Ne3 Rxd2 26. Rxd2 Kf8 27. Kc1
Rd8 28. Rxd8+ Nxd8 29. Kd2 Ke7 30. f3 Kd6 1/2-1/2

[Event "62nd ch-IND 2025"]
[Site "Guntur IND"]
[Date "2025.09.29"]
[Round "9.39"]
[White "Tata, Keerthi Rana"]
[Black "Setumadhav, Yellumahanthi"]
[Result "1/2-1/2"]
[BlackTitle "FM"]
[WhiteElo "2029"]
[BlackElo "2230"]
[WhiteFideId "5015413"]
[BlackFideId "25920669"]
[EventDate "2025.09.21"]

1. d4 Nf6 2. Nf3 d5 3. c4 e6 4. cxd5 exd5 5. Nc3 Bb4 6. Bg5 h6 7. Bxf6 Qxf6 8.
Qb3 c5 9. dxc5 Bxc3+ 10. Qxc3 Qxc3+ 11. bxc3 Nd7 12. e3 Nxc5 13. c4 Be6 14. Nd4
dxc4 15. Nxe6 fxe6 16. Bxc4 Ke7 17. Ke2 b5 18. Bxb5 Rab8 19. Rab1 Ne4 20. Rhc1
Rhc8 21. Bd3 Rxb1 22. Rxc8 Rb2+ 23. Rc2 Nc3+ 24. Kd2 Rxc2+ 25. Kxc2 Nxa2 26. Bc4
Nb4+ 27. Kb3 Nc6 28. Ka4 Kd6 29. Kb5 e5 30. Bd3 Nb8 1/2-1/2

[Event "62nd ch-IND 2025"]
[Site "Guntur IND"]
[Date "2025.09.29"]
[Round "9.40"]
[White "Gurung, Rahul"]
[Black "Bhoir Paras Dilip"]
[Result "0-1"]
[WhiteElo "2028"]
[BlackElo "2219"]
[WhiteFideId "35015117"]
[BlackFideId "25763695"]
[EventDate "2025.09.21"]

1. e4 c6 2. d4 d5 3. exd5 cxd5 4. Bd3 Nc6 5. c3 Qc7 6. h3 g6 7. Ne2 Bf5 8. Bf4
Qd7 9. Ng3 Nf6 10. O-O Bg7 11. Re1 O-O 12. Nxf5 gxf5 13. Nd2 Kh8 14. Nf3 Ne4 15.
Nh4 e6 16. f3 Nd6 17. g4 Rae8 18. Qd2 f6 19. Bg3 Nf7 20. Re2 Bh6 21. Bf4 Bxf4
22. Qxf4 Ng5 23. Kg2 Qg7 24. Rae1 e5 25. Qh2 f4 26. Bb5 Qc7 27. Rf2 a6 28. Bxc6
bxc6 29. Nf5 Rg8 30. h4 Nf7 31. h5 e4 32. fxe4 Rxg4+ 33. Kh1 dxe4 34. Nh4 Ng5
35. Ng2 Qf7 36. Rxf4 Nf3 37. Rxg4 Nxh2 38. Kxh2 f5 39. Rh4 Rg8 40. Nf4 Qf6 41.
Rh3 Rg4 42. Ng2 Qg5 43. Re2 f4 44. h6 f3 45. Rxf3 exf3 46. Re8+ Qg8 47. Rxg8+
Kxg8 48. Ne3 f2 0-1

[Event "62nd ch-IND 2025"]
[Site "Guntur IND"]
[Date "2025.09.29"]
[Round "9.41"]
[White "Pattnayak, Nilsu"]
[Black "Gopal Krishna Maheshwari"]
[Result "0-1"]
[WhiteElo "2202"]
[BlackElo "1996"]
[WhiteFideId "35043943"]
[BlackFideId "25174738"]
[EventDate "2025.09.21"]

1. e4 e5 2. Nf3 Nc6 3. Bc4 Bc5 4. c3 Nf6 5. d4 exd4 6. b4 Be7 7. e5 Ne4 8. b5
Na5 9. Bd3 Nxc3 10. Nxc3 dxc3 11. Qa4 b6 12. O-O Nb7 13. Qg4 g6 14. Bh6 d5 15.
Qd4 Nc5 16. Qxc3 Bb7 17. Nd4 Ne6 18. Rac1 Rc8 19. Nc6 Bxc6 20. Qxc6+ Qd7 21.
Qxd7+ Kxd7 22. Rfd1 Bf8 23. Bxf8 Rhxf8 24. Be4 d4 25. Bb7 Rcd8 26. Bd5 Kc8 27.
Bc6 f6 28. exf6 Rxf6 29. Rc4 d3 30. Ra4 Kb8 31. Re4 Nc5 32. Re7 Re6 33. Rxe6
Nxe6 34. f3 Nd4 35. Be4 d2 36. Kf2 Nxb5 37. Ke3 Nc3 38. Rxd2 Rxd2 39. Kxd2 Nxe4+
40. fxe4 c5 41. Kd3 b5 42. e5 Kc7 43. Ke4 Kc6 44. g4 a5 45. h4 a4 46. h5 b4 47.
hxg6 hxg6 48. Kd3 Kd5 49. e6 c4+ 50. Ke3 Kxe6 51. Kd4 b3 52. axb3 axb3 53. Kc3
Kd5 0-1

[Event "62nd ch-IND 2025"]
[Site "Guntur IND"]
[Date "2025.09.29"]
[Round "9.42"]
[White "Sharma, Dinesh K."]
[Black "Sparsh, Khandelwal"]
[Result "1/2-1/2"]
[WhiteTitle "IM"]
[WhiteElo "2192"]
[BlackElo "1986"]
[WhiteFideId "5004110"]
[BlackFideId "35064312"]
[EventDate "2025.09.21"]

1. e4 c5 2. c3 d5 3. exd5 Qxd5 4. d4 Nf6 5. Nf3 e6 6. Bd3 Be7 7. O-O O-O 8. Qe2
cxd4 9. cxd4 Nc6 10. Rd1 Nb4 11. Nc3 Qh5 12. Bc4 Rd8 13. Bg5 h6 14. Bh4 Nc6 15.
d5 exd5 16. Bxf6 Bxf6 17. Rxd5 Bf5 18. Rad1 Re8 19. Qd2 Qg6 20. Qf4 Bh3 21. Bf1
Be6 22. R5d2 Rad8 23. Ne4 Rxd2 24. Rxd2 Be7 25. a3 Qf5 26. Qxf5 Bxf5 27. Nd6
Bxd6 28. Rxd6 Rd8 29. Rxd8+ Nxd8 30. Nd4 Bd7 31. f4 Ne6 32. Nxe6 Bxe6 33. Kf2
Kf8 34. Ke3 Ke7 35. Kd4 Kd6 36. b4 f6 37. g3 1/2-1/2

[Event "62nd ch-IND 2025"]
[Site "Guntur IND"]
[Date "2025.09.29"]
[Round "9.43"]
[White "Mukund Hemant Agarwal"]
[Black "Agnivo Chakraborty"]
[Result "1/2-1/2"]
[WhiteTitle "CM"]
[WhiteElo "2169"]
[BlackElo "1983"]
[WhiteFideId "25679791"]
[BlackFideId "25943570"]
[EventDate "2025.09.21"]

1. e4 e5 2. Nf3 Nc6 3. Bb5 a6 4. Ba4 Bc5 5. O-O Nge7 6. c3 Ba7 7. d4 Ng6 8. Bg5
f6 9. Be3 O-O 10. Nbd2 Kh8 11. Bc2 d6 12. Re1 Nce7 13. Nf1 Bd7 14. Ng3 Qc8 15.
h3 Nf4 16. Bxf4 exf4 17. Nh5 g5 18. e5 dxe5 19. dxe5 Bxh3 20. gxh3 Qxh3 21. exf6
Qg4+ 22. Kf1 Qh3+ 23. Kg1 Qg4+ 24. Kf1 Qh3+ 25. Kg1 Qg4+ 26. Kf1 Qh3+ 27. Kg1 1/2-1/2

[Event "62nd ch-IND 2025"]
[Site "Guntur IND"]
[Date "2025.09.29"]
[Round "9.44"]
[White "Majumder Shrayan"]
[Black "Shivamshika G"]
[Result "1-0"]
[WhiteElo "2161"]
[BlackElo "1981"]
[WhiteFideId "45040419"]
[BlackFideId "33384959"]
[EventDate "2025.09.21"]

1. e4 e6 2. d4 d5 3. exd5 exd5 4. Nf3 Bd6 5. c4 c6 6. Bd3 Ne7 7. O-O O-O 8. c5
Bc7 9. Nc3 Bf5 10. Re1 Bxd3 11. Qxd3 f6 12. Ne2 g5 13. h4 h6 14. hxg5 hxg5 15.
Ng3 Bxg3 16. fxg3 Nd7 17. Nxg5 fxg5 18. Bxg5 Nf6 19. Re6 Ne4 20. Rxe7 Qc8 21.
Bf4 Rf7 22. Rxf7 Kxf7 23. Rf1 Kg8 24. Be5 Qe6 25. Rf4 Rf8 26. Rh4 Qf5 27. Kh2 b6
28. cxb6 axb6 29. g4 Qf2 30. Rh8+ Kf7 31. Qf3+ Qxf3 32. Rxf8+ Kxf8 33. gxf3 Nd2
34. Kg2 Kf7 35. Bc7 b5 36. b3 Nb1 37. Ba5 Na3 38. Kf2 Nc2 39. Bc3 c5 40. dxc5 d4
41. Bd2 d3 42. a4 Nd4 43. axb5 Nxb3 44. Be3 Ke6 45. b6 Na5 46. Bd2 Nc6 47. Bf4 1-0

[Event "62nd ch-IND 2025"]
[Site "Guntur IND"]
[Date "2025.09.29"]
[Round "9.45"]
[White "Srijak Sengupta"]
[Black "Mohota, Nisha"]
[Result "0-1"]
[BlackTitle "IM"]
[WhiteElo "2019"]
[BlackElo "2153"]
[WhiteFideId "25611356"]
[BlackFideId "5004330"]
[EventDate "2025.09.21"]

1. c4 c5 2. g3 Nf6 3. Bg2 d5 4. cxd5 Nxd5 5. Nc3 Nc7 6. Nf3 Nc6 7. O-O e5 8. b3
Be7 9. Bb2 O-O 10. Qc1 f6 11. Rd1 Bd7 12. d3 Rc8 13. Qd2 b6 14. e3 f5 15. Ne2
Bf6 16. d4 cxd4 17. exd4 e4 18. Ne5 Bg5 19. Nf4 Nd5 20. Bf1 Bxf4 21. gxf4 Be6
22. Rac1 Nxe5 23. dxe5 Qh4 24. Bc4 Qg4+ 25. Kf1 Rxc4 26. bxc4 Nxf4 27. Qd4 Qe2+
28. Kg1 Qf3 29. Kf1 Qh1# 0-1

[Event "62nd ch-IND 2025"]
[Site "Guntur IND"]
[Date "2025.09.29"]
[Round "9.46"]
[White "Venkatesh Das"]
[Black "Haridev S"]
[Result "1-0"]
[WhiteElo "2013"]
[BlackElo "2147"]
[WhiteFideId "25943316"]
[BlackFideId "25957180"]
[EventDate "2025.09.21"]

1. e4 c5 2. c3 d5 3. exd5 Qxd5 4. d4 Nc6 5. Nf3 Nf6 6. Be3 cxd4 7. cxd4 e6 8.
Nc3 Qd8 9. Bc4 Bb4 10. O-O O-O 11. Bg5 Be7 12. a3 h6 13. Bh4 a6 14. Qd3 b5 15.
Bb3 Bb7 16. Bc2 g6 17. Rfe1 Nd5 18. Nxd5 Qxd5 19. Bb3 Qh5 20. h3 Bxh4 21. g4
Nxd4 22. Qxd4 Bxf2+ 23. Kxf2 Qxh3 24. Qf4 Rad8 25. Rad1 Rxd1 26. Rxd1 Bxf3 27.
Qxf3 Qh2+ 28. Qg2 Qf4+ 29. Qf3 Qh2+ 30. Qg2 Qe5 31. Rd2 f5 32. Re2 Qc5+ 33. Ke1
Qc1+ 34. Bd1 Rd8 35. Rd2 Rxd2 36. Qxd2 Qxd2+ 37. Kxd2 Kf7 38. b4 Kf6 39. Bf3 e5
40. Bd1 1-0

[Event "62nd ch-IND 2025"]
[Site "Guntur IND"]
[Date "2025.09.29"]
[Round "9.47"]
[White "Utkrisht Tuli"]
[Black "Vedant Garg"]
[Result "0-1"]
[WhiteElo "2006"]
[BlackElo "2140"]
[WhiteFideId "25693506"]
[BlackFideId "33422362"]
[EventDate "2025.09.21"]

1. d4 Nf6 2. c4 g6 3. g3 Bg7 4. Bg2 O-O 5. Nc3 d6 6. Nf3 c6 7. O-O Bf5 8. Ne1 e5
9. d5 cxd5 10. cxd5 a5 11. e4 Bd7 12. a4 Na6 13. Nd3 Nb4 14. b3 Rc8 15. Nxb4
Rxc3 16. Na2 Rc8 17. Qd3 Ne8 18. Be3 f5 19. f3 Nf6 20. Rac1 h5 21. Rxc8 Bxc8 22.
Nc3 h4 23. f4 Ng4 24. fxe5 Bxe5 25. Ne2 Nxh2 26. Kxh2 hxg3+ 27. Kg1 Qh4 28. Rf3
f4 29. Nxf4 Bg4 0-1

[Event "62nd ch-IND 2025"]
[Site "Guntur IND"]
[Date "2025.09.29"]
[Round "9.48"]
[White "Chidvilash, Sai Surapaneni"]
[Black "Shreyash, Shuvam Patnaik"]
[Result "1-0"]
[WhiteTitle "CM"]
[WhiteElo "2124"]
[BlackElo "1978"]
[WhiteFideId "25748530"]
[BlackFideId "35047272"]
[EventDate "2025.09.21"]

1. c4 e5 2. Nc3 Nc6 3. e4 Bb4 4. Nf3 Nf6 5. d3 d6 6. a3 Bc5 7. b4 Bb6 8. Na4 Bd4
9. Nxd4 Nxd4 10. Be2 a6 11. Nc3 h6 12. f4 Ng4 13. f5 h5 14. g3 g6 15. h3 Nh6 16.
Ra2 gxf5 17. Bxh5 f4 18. h4 Rg8 19. gxf4 Bh3 20. Be3 Qxh4+ 21. Bf2 Rg3 22. Ne2
Qxh5 23. Nxd4 Qxd1+ 24. Kxd1 Bg4+ 25. Kc1 Rh3 26. Rxh3 Bxh3 27. fxe5 dxe5 28.
Nf3 Ng4 29. Bg3 Rd8 30. Rd2 Bf1 31. Kc2 f6 32. Kc3 Ne3 33. Bh4 Kf7 34. Nxe5+ Ke6
35. Nf3 Rh8 36. Nd4+ Kf7 37. Bg3 c6 38. Bf4 Ng4 39. Nf5 b5 40. Rd1 Bh3 41. Rh1
Nf2 42. Rh2 Ng4 43. Rd2 Ke6 44. Nd4+ Kd7 45. Nb3 Bf1 46. Rd1 Be2 47. Re1 Bxd3
48. Nc5+ Ke7 49. Nxd3 Rh3 50. Kd4 Rf3 51. cxb5 axb5 52. Rg1 Nf2 53. Nxf2 Rxf2
54. Bb8 Rc2 55. Rd1 Rc4+ 56. Ke3 Rc3+ 57. Rd3 Rc4 58. Kf4 Ke6 59. Rd6+ Ke7 60.
Kf5 1-0

[Event "62nd ch-IND 2025"]
[Site "Guntur IND"]
[Date "2025.09.29"]
[Round "9.49"]
[White "Sree Shaunak Chanda"]
[Black "Arshpreet Singh"]
[Result "0-1"]
[WhiteElo "1984"]
[BlackElo "2123"]
[WhiteFideId "33326150"]
[BlackFideId "25902113"]
[EventDate "2025.09.21"]

1. d4 Nf6 2. c4 e6 3. Nc3 d5 4. cxd5 exd5 5. Bg5 Bb4 6. e3 h6 7. Bh4 g5 8. Bg3
Ne4 9. Ne2 h5 10. h4 Nxg3 11. Nxg3 gxh4 12. Nxh5 c6 13. Nf4 Bd6 14. g3 Bxf4 15.
gxf4 h3 16. Qc2 Bg4 17. Be2 Qh4 18. Rh2 Nd7 19. O-O-O Nf6 20. Rg1 Bd7 21. Rg3
O-O-O 22. f5 Rdg8 23. Rhxh3 Qxh3 24. Rxh3 Rg1+ 25. Kd2 Rxh3 26. Qa4 Bxf5 27.
Qxa7 Rh2 28. Qa8+ Kc7 29. Qa5+ Kc8 30. Qa8+ Kc7 31. Qa5+ Kd7 32. f3 Ne8 33. b3
Nd6 34. Na4 Rgg2 35. Nc5+ Kc8 36. Qa8+ Kc7 37. Qa5+ Kb8 38. Qd8+ Nc8 39. Qf6
Rxe2+ 40. Kc3 Be6 41. Qf4+ Ka7 42. Qc7 Rc2+ 43. Kb4 Rxc5 44. Qxh2 Rc1 45. a4 c5+
46. dxc5 Ne7 47. Qd2 Nc6+ 48. Ka3 Rxc5 49. f4 d4 50. exd4 Rd5 51. Qc3 Rxd4 52.
Qc5+ Kb8 53. f5 Bd5 54. Kb2 Rd3 55. b4 Rb3+ 56. Kc1 Nxb4 57. Qd6+ Kc8 58. f6
Rc3+ 59. Kb2 Rc4 60. Qf8+ Kc7 61. Qe7+ Kb6 62. Qd8+ Kc5 63. Qc7+ Nc6 64. a5 Rb4+
65. Kc3 Rb5 66. Qc8 Rb3+ 67. Kd2 Rb2+ 68. Kc3 Rb3+ 69. Kd2 Kc4 70. a6 bxa6 71.
Qxa6+ Kd4 72. Qa4+ Ke5 73. Qa1+ Ke6 74. Qe1+ Ne5 75. Kc2 Kxf6 76. Qh4+ Ke6 77.
Qd8 Rd3 78. Qc8+ Ke7 79. Qc7+ Kf6 80. Qd8+ Kf5 81. Qh4 Bb3+ 82. Kb1 Ke6 83. Qh6+
Kd5 84. Qf6 Rf3 85. Qd8+ Ke4 86. Qh4+ Kd3 87. Kb2 Be6 88. Qh7+ Kd4 89. Qh4+ Kd5
90. Qd8+ Bd7 91. Qg8 Nc4+ 92. Kc1 Rc3+ 93. Kd1 Bg4+ 94. Ke1 Re3+ 95. Kf2 Rf3+
96. Ke1 Ne5 97. Qd8+ Ke4 98. Qa8+ Kf4 99. Qd8 Re3+ 100. Kf1 Bh3+ 101. Kg1 Rg3+
102. Kf2 Rg2+ 0-1

[Event "62nd ch-IND 2025"]
[Site "Guntur IND"]
[Date "2025.09.29"]
[Round "9.50"]
[White "Sangma, Rahul"]
[Black "Lavyaajyoti Routray"]
[Result "1-0"]
[WhiteTitle "IM"]
[WhiteElo "2122"]
[BlackElo "1946"]
[WhiteFideId "5013615"]
[BlackFideId "25741128"]
[EventDate "2025.09.21"]

1. Nf3 d5 2. e3 Nf6 3. c4 e6 4. b3 Be7 5. Bb2 O-O 6. Nc3 dxc4 7. Bxc4 c5 8. O-O
b6 9. Qe2 Bb7 10. Rfd1 Nbd7 11. d4 a6 12. a4 Qc7 13. Rac1 Rfd8 14. h3 Nf8 15.
Bd3 Ng6 16. dxc5 Qxc5 17. Bxg6 hxg6 18. Nd5 Bxd5 19. Rxc5 bxc5 20. Nd2 Rab8 21.
Be5 Rb4 22. Bc3 Bxb3 23. Nxb3 Rxb3 24. Bxf6 Bxf6 25. Rxd8+ Bxd8 26. Qxa6 Kh7 27.
g3 Rb4 28. Qd6 Ba5 29. Qxc5 Rxa4 30. Qe7 Ra1+ 31. Kg2 Ra2 32. Kf1 Ra1+ 33. Ke2
Ra2+ 34. Kf1 Ra1+ 35. Kg2 Ra2 36. Qh4+ Kg8 37. Qc4 Rb2 38. Qd4 Ra2 39. Qc4 Rb2
40. Qd4 Ra2 41. Qa7 Ra3 42. Qa8+ Kh7 43. Qa6 Kg8 44. Qc8+ Kh7 45. Qc4 Bd8 46.
Qc5 Ra2 47. h4 Bf6 48. Qc7 Kg8 49. Qc8+ Kh7 50. Qb7 Kg8 51. Qc8+ Kh7 52. Qd7 Bc3
53. Kf1 Ra1+ 54. Kg2 Ra2 55. Qxf7 Be1 56. Qxe6 Rxf2+ 57. Kh3 Rf3 58. Qe5 Bd2 59.
Qd5 Rf2 60. Qd3 1-0

[Event "62nd ch-IND 2025"]
[Site "Guntur IND"]
[Date "2025.09.29"]
[Round "9.51"]
[White "Aarit Kapil"]
[Black "Premshankar B U"]
[Result "0-1"]
[WhiteTitle "CM"]
[WhiteElo "2119"]
[BlackElo "1944"]
[WhiteFideId "33408947"]
[BlackFideId "25955489"]
[EventDate "2025.09.21"]

1. e4 e5 2. Nc3 Nc6 3. Bc4 Nf6 4. Nf3 Nxe4 5. Nxe4 d5 6. Bd3 dxe4 7. Bxe4 Bd6 8.
O-O O-O 9. d3 h6 10. Re1 Ne7 11. d4 f5 12. dxe5 Bb4 13. Bd3 Bxe1 14. Bc4+ Kh8
15. Qxe1 b5 16. Bxb5 Bb7 17. Qe2 Ng6 18. Ne1 Qd4 19. e6 a6 20. c3 Qd6 21. Bd7
Bc8 22. Qh5 Kh7 23. Be3 Bxd7 24. exd7 Qxd7 25. Nf3 Rf6 26. Bd4 Rd6 27. Re1 Kg8
28. h3 Re6 29. Rf1 Qf7 30. Be3 Rd8 31. Nd4 Rf6 32. Nb3 f4 33. Bd4 Rf5 34. Qf3
Nh4 35. Qe4 Re8 36. Qc6 Rg5 37. g4 h5 38. f3 Rg6 39. Qb7 hxg4 40. fxg4 Qe6 41.
Nc5 Rxg4+ 42. Kh1 Qc4 43. Rf2 Rg3 44. Kh2 Re2 45. b3 Rxf2+ 46. Bxf2 Nf3+ 47.
Qxf3 Rxf3 48. bxc4 Rxf2+ 49. Kg1 Rxa2 50. Ne6 Ra4 51. Nxc7 Rxc4 52. Nxa6 Rxc3
53. Nb4 Rxh3 54. Nd5 g5 55. Kg2 Rd3 56. Nf6+ Kg7 57. Ne4 Kg6 58. Nf2 Rd2 59. Kf3
Kf5 60. Ne4 Rd3+ 61. Kg2 Kxe4 62. Kh2 Rg3 63. Kh1 Kf3 64. Kh2 g4 65. Kh1 Kf2 66.
Kh2 Rh3# 0-1

[Event "62nd ch-IND 2025"]
[Site "Guntur IND"]
[Date "2025.09.29"]
[Round "9.52"]
[White "Saisarvesh S"]
[Black "Jihan Tejas Shah"]
[Result "1-0"]
[WhiteElo "1977"]
[BlackElo "2109"]
[WhiteFideId "25739530"]
[BlackFideId "33370109"]
[EventDate "2025.09.21"]

1. e4 c5 2. Nf3 Nc6 3. d4 cxd4 4. Nxd4 g6 5. c4 Bg7 6. Be3 Qb6 7. Nb3 Qd8 8. Qd2
Nf6 9. f3 O-O 10. Nc3 d6 11. Be2 a5 12. O-O a4 13. Nd4 Nxd4 14. Bxd4 Qa5 15. b4
axb3 16. axb3 Qxa1 17. Rxa1 Ra5 18. Ra3 Rxa3 19. Kf2 Bd7 20. b4 Be6 21. Nb5 Ra6
22. Nc7 Rc6 23. Nxe6 fxe6 24. Kg1 Nh5 25. Be3 Ra6 26. c5 Ra1+ 27. Kf2 Nf6 28.
Kg3 Rh1 29. Kh3 d5 30. e5 Nd7 31. Bg5 Rf7 32. f4 h6 33. Bb5 Nf8 34. Bh4 g5 35.
fxg5 Ng6 36. Bg3 Rf5 37. Be8 Rxg5 38. Bxg6 Rxg6 39. b5 Rf1 40. Qd3 Rf5 41. c6
bxc6 42. bxc6 Bxe5 43. Bh4 Kh7 44. Qa3 Bd6 45. Qa7 Rf4 46. Qd7 Rxh4+ 47. Kxh4
Rxg2 48. c7 Rxh2+ 49. Kg4 Rg2+ 50. Kf3 Rg3+ 51. Kf2 Bxc7 52. Qxc7 Rg7 53. Qd7
Rf7+ 54. Ke3 Rf6 55. Qxe7+ Kg6 56. Qd6 Kf7 57. Qc7+ Kg6 58. Kd4 Rf5 59. Kc5 d4+
60. Kxd4 Rd5+ 61. Ke4 Kf6 62. Qh7 Rf5 63. Qxh6+ Kf7 64. Qh7+ Kf6 65. Qg8 Re5+
66. Kf4 Rf5+ 67. Kg4 Ke7 68. Qc8 Kf7 69. Qd7+ Kf6 70. Qe8 Rg5+ 71. Kh4 Rf5 72.
Qf8+ Ke5 73. Qe7 Kd5 74. Kg4 Ke5 75. Qd8 Rf4+ 76. Kg5 Rf5+ 77. Kg6 Rf4 78. Qc7+
Ke4 79. Kg5 Rf5+ 80. Kg6 Rf4 81. Qd6 e5 82. Qc5 Rf3 83. Qc4+ Ke3 84. Kg5 e4 85.
Qd5 Rf2 86. Qc5+ Ke2 87. Qd4 e3 88. Kg4 Rf1 89. Qb2+ Kd1 90. Qb1+ Ke2 91. Qc2+
Ke1 92. Kg3 Rf2 93. Qd3 Re2 94. Kf3 Rf2+ 95. Ke4 e2 96. Ke3 Kf1 97. Qa6 Rg2 98.
Qf6+ Kg1 99. Qa1+ Kh2 100. Qe1 Kh3 101. Kf3 Kh2 102. Qa1 Rg3+ 103. Kxe2 Kg2 104.
Qa8+ Kh3 105. Kf2 Rg5 106. Qc8+ Kh4 107. Kf3 Kh5 108. Kf2 Kh4 109. Kf3 Kh5 110.
Kf4 Rg7 111. Qe6 Rg5 112. Qe8+ 1-0